[Event "HUN-chT2 Breyer 1819"]
[Site "Hungary"]
[Date "2019.01.27"]
[Round "4.10"]
[White "Karko, Balint"]
[Black "Pais, Nimrod"]
[Result "1/2-1/2"]
[WhiteElo "1635"]
[BlackElo "1959"]
[PlyCount "40"]
[EventDate "2018.10.28"]
[EventType "team-tourn"]
[EventRounds "9"]
[EventCountry "HUN"]
[SourceTitle "CBM 189 Extra"]
[Source "ChessBase"]
[SourceDate "2019.06.03"]
[SourceVersion "1"]
[SourceVersionDate "2019.06.03"]
[SourceQuality "1"]
[WhiteTeam "Paty"]
[BlackTeam "Szekesfehervar"]
[WhiteTeamCountry "HUN"]
[BlackTeamCountry "HUN"]

1. e4 c6 2. d4 d5 3. Nc3 dxe4 4. Nxe4 Bf5 5. Ng3 Bg6 6. Nf3 e6 7. h4 h6 8. h5 Bh7 9. Bd3 Bxd3 10. Qxd3 Nd7 11. Bf4 Ngf6 12. 0-0-0 Be7 13. Kb1 0-0 14. c4 Re8 15. Ne5 Nf8 16. Rh3 N6d7 17. Ne4 Nxe5 18. Bxe5 Nd7 19. Qg3 Nxe5 20. Qxe5 Qb8 1/2-1/2

[Event "HUN-ch U12"]
[Site "Balatonlelle"]
[Date "2016.06.25"]
[Round "2"]
[White "Karko, Balint"]
[Black "Losonczi, Marcell"]
[Result "0-1"]
[WhiteElo "1651"]
[BlackElo "1924"]
[PlyCount "58"]
[EventDate "2016.06.24"]
[EventType "swiss"]
[EventRounds "9"]
[EventCountry "HUN"]
[SourceTitle "CBM 173 Extra"]
[Source "ChessBase"]
[SourceDate "2016.08.29"]
[SourceVersion "1"]
[SourceVersionDate "2016.08.29"]
[SourceQuality "1"]

1. e4 c5 2. Nf3 d6 3. d4 cxd4 4. Nxd4 Nf6 5. f3 e5 6. Ne2 d5 7. Bg5 d4 8. c3 Nc6 9. cxd4 exd4 10. Ng3 Qa5+ 11. Bd2 Qb6 12. Qb3 Be6 13. Qxb6 axb6 14. a3 Be7 15. Bf4 Nb4 16. Kd2 0-0 17. Bd3 Nd7 18. Nf5 Bxf5 19. exf5 Nxd3 20. Kxd3 Nc5+ 21. Ke2 Rfe8 22. Kf1 Nd3 23. Bc7 Bd6 24. Nd2 Bxc7 25. Ne4 Nc5 26. Rc1 Bf4 27. Re1 Nxe4 28. fxe4 d3 29. g3 d2 0-1

[Event "Budapest Art Pub op 9th"]
[Site "Budapest"]
[Date "2015.11.22"]
[Round "6"]
[White "Karko, Balint"]
[Black "Geher, Koppany"]
[Result "1-0"]
[WhiteElo "1528"]
[BlackElo "1529"]
[PlyCount "169"]
[EventDate "2015.11.20"]
[EventType "swiss"]
[EventRounds "6"]
[EventCountry "HUN"]
[SourceTitle "CBM 169 Extra"]
[Source "ChessBase"]
[SourceDate "2015.12.18"]
[SourceVersion "1"]
[SourceVersionDate "2015.12.18"]
[SourceQuality "1"]

1. e4 e6 2. d4 d5 3. exd5 exd5 4. Bd3 Bd6 5. h3 Nc6 6. c3 Nge7 7. Qf3 Be6 8. Ne2 Qd7 9. 0-0 0-0 10. Bf4 Bxf4 11. Nxf4 Rad8 12. g4 f5 13. g5 Nc8 14. Qh5 Nd6 15. g6 h6 16. f3 Rf6 17. Nd2 Re8 18. Kh1 a6 19. Qh4 Ne7 20. Rg1 c6 21. Qf2 Ref8 22. h4 Ne4 23. Qe3 Nxd2 24. Qxd2 Qd6 25. Rae1 Bd7 26. h5 Nc8 27. Re5 Rd8 28. Qc2 Ne7 29. b4 Re8 30. Rge1 Kf8 31. a4 b5 32. Kg2 Nc8 33. Rxe8+ Bxe8 34. Re5 Bd7 35. Kg3 Ne7 36. Ng2 Re6 37. f4 Rxe5 38. fxe5 Qc7 39. Kf4 bxa4 40. Qxa4 Qc8 41. Qxa6 Qxa6 42. Bxa6 Bc8 43. Bxc8 Nxc8 44. Kxf5 Ke7 45. Nf4 Nb6 46. Ne2 Nc4 47. Nc1 Ne3+ 48. Kf4 Nd1 49. Na2 Ke6 50. Kf3 Nb2 51. Nc1 Na4 52. Ne2 Nb2 53. Nf4+ Ke7 54. Ke3 Nd1+ 55. Kd2 Nf2 56. Kc2 Ne4 57. Kb3 Nd2+ 58. Kc2 Ne4 59. Kb2 Nd2 60. Kc2 Ne4 61. Kd3 Nf2+ 62. Ke3 Nd1+ 63. Kd2 Nf2 64. Kc1 Ne4 65. Ne2 Ke6 66. Kb2 Nd2 67. Ka3 Nc4+ 68. Ka4 Nb6+ 69. Ka5 Nc4+ 70. Ka6 Nb2 71. Kb6 Kd7 72. b5 cxb5 73. Kxb5 Nd1 74. c4 dxc4 75. Kxc4 Ne3+ 76. Kc5 Ke6 77. Nf4+ Ke7 78. d5 Nf5 79. d6+ Ke8 80. e6 Kd8 81. d7 Nd6 82. Kc6 Nf5 83. Nd5 Nd4+ 84. Kd6 Nxe6 85. Ne7 1-0

[Event "Budapest Art Pub op 9th"]
[Site "Budapest"]
[Date "2015.11.21"]
[Round "3"]
[White "Lakat, Gyula"]
[Black "Karko, Balint"]
[Result "1-0"]
[WhiteElo "1774"]
[BlackElo "1528"]
[PlyCount "47"]
[EventDate "2015.11.20"]
[EventType "swiss"]
[EventRounds "6"]
[EventCountry "HUN"]
[SourceTitle "CBM 169 Extra"]
[Source "ChessBase"]
[SourceDate "2015.12.18"]
[SourceVersion "1"]
[SourceVersionDate "2015.12.18"]
[SourceQuality "1"]

1. e4 e5 2. Nf3 Nc6 3. Bb5 a6 4. Ba4 Nf6 5. 0-0 Bc5 6. Re1 b5 7. Bb3 d6 8. c3 0-0 9. d4 Bb6 10. h3 Bb7 11. Bg5 Na5 12. Bc2 Nc4 13. b3 Na5 14. Nbd2 Re8 15. d5 h6 16. Bh4 g5 17. Nxg5 Nxe4 18. Ndxe4 hxg5 19. Bxg5 Qc8 20. Nf6+ Kf8 21. Qh5 e4 22. Qh6+ Ke7 23. Rxe4+ Kd8 24. Rxe8# 1-0

[Event "HUN-chT U18"]
[Site "Budapest"]
[Date "2015.08.29"]
[Round "6.36"]
[White "Egyed, Viktoria"]
[Black "Karko, Balint"]
[Result "1-0"]
[WhiteElo "1980"]
[BlackElo "1471"]
[PlyCount "41"]
[EventDate "2015.08.26"]
[EventType "team-swiss"]
[EventRounds "8"]
[EventCountry "HUN"]
[SourceTitle "EXT 2016"]
[Source "ChessBase"]
[SourceDate "2015.10.08"]
[SourceVersion "1"]
[SourceVersionDate "2015.10.08"]
[SourceQuality "1"]

1. e4 e5 2. Nf3 Nc6 3. Bc4 Bc5 4. d3 Nf6 5. Bb3 h6 6. h3 d6 7. c3 Be6 8. Nbd2 Qd7 9. 0-0 g5 10. Nc4 g4 11. hxg4 Bxg4 12. Be3 Rg8 13. Bxc5 Bh3 14. Ne3 0-0-0 15. Nh4 dxc5 16. Qf3 Nh7 17. Qxf7 Qxf7 18. Bxf7 Rg7 19. Bd5 Na5 20. Nhf5 Rg6 21. Ne7+ 1-0

[Event "HUN-chT U18"]
[Site "Budapest"]
[Date "2015.08.28"]
[Round "5.30"]
[White "Karko, Balint"]
[Black "Vanczak, Virag"]
[Result "1-0"]
[WhiteElo "1471"]
[BlackElo "1622"]
[PlyCount "97"]
[EventDate "2015.08.26"]
[EventType "team-swiss"]
[EventRounds "8"]
[EventCountry "HUN"]
[SourceTitle "EXT 2016"]
[Source "ChessBase"]
[SourceDate "2015.10.08"]
[SourceVersion "1"]
[SourceVersionDate "2015.10.08"]
[SourceQuality "1"]

1. e4 c5 2. Nf3 d6 3. d4 cxd4 4. Nxd4 Nf6 5. Nc3 a6 6. Bg5 e6 7. Qd2 Be7 8. 0-0-0 Qc7 9. f4 b5 10. Bxf6 Bxf6 11. f5 b4 12. Nce2 e5 13. Nf3 Be7 14. Qxb4 d5 15. Qc3 Qxc3 16. Nxc3 dxe4 17. Nxe4 Bxf5 18. Ng3 Bg4 19. Rd3 Nd7 20. Rd5 Bc5 21. Kb1 Be6 22. Rd2 f6 23. Ne4 Bb6 24. Rd6 Ke7 25. Rd2 Rhc8 26. Be2 Rc6 27. Rhd1 Bc7 28. Nc3 Ba5 29. Nd5+ Kf7 30. c3 Rb8 31. Ka1 Nc5 32. b4 Ne4 33. bxa5 Nxd2 34. Rxd2 Rd8 35. Nb4 Rxd2 36. Nxd2 Rxc3 37. Bxa6 Ra3 38. Nc4 Ra4 39. a3 Bxc4 40. Bxc4+ Kf8 41. Kb2 Rxa5 42. Bd3 h6 43. Kb3 Ke8 44. a4 Kd7 45. Bb5+ Kd6 46. Na6 Rxb5+ 47. axb5 e4 48. Kc4 f5 49. Nb4 1-0

[Event "HUN-ch U12"]
[Site "Balatonlelle"]
[Date "2015.06.20"]
[Round "3"]
[White "Karko, Balint"]
[Black "Forgacs, Andras"]
[Result "0-1"]
[WhiteElo "1290"]
[BlackElo "1699"]
[PlyCount "60"]
[EventDate "2015.06.18"]
[EventType "swiss"]
[EventRounds "9"]
[EventCountry "HUN"]
[SourceTitle "CBM 167 Extra"]
[Source "ChessBase"]
[SourceDate "2015.09.14"]
[SourceVersion "1"]
[SourceVersionDate "2015.09.14"]
[SourceQuality "1"]

1. d4 Nf6 2. Nf3 g6 3. Nbd2 Bg7 4. e4 d6 5. Bd3 Nbd7 6. b3 e5 7. Bb2 exd4 8. Nxd4 Nc5 9. N2f3 0-0 10. e5 Re8 11. Ne2 Nfd7 12. Bc4 Nxe5 13. Nxe5 dxe5 14. h4 Be6 15. Bxe6 Qxd1+ 16. Rxd1 Rxe6 17. g4 h6 18. 0-0 Ra6 19. a3 Rd6 20. Rxd6 cxd6 21. b4 Na4 22. Bc1 Rc8 23. f4 Rxc2 24. Re1 e4 25. Ng3 d5 26. h5 Bd4+ 27. Kh1 Bf2 28. Rf1 Bxg3 29. hxg6 fxg6 30. f5 Nc3 0-1

[Event "Tatabanya Genius Cup 2nd"]
[Site "Tatabanya"]
[Date "2014.09.05"]
[Round "4"]
[White "Karko, Balint"]
[Black "Nemeth, Csaba"]
[Result "0-1"]
[WhiteElo "1231"]
[BlackElo "1377"]
[PlyCount "84"]
[EventDate "2014.08.31"]
[EventType "swiss"]
[EventRounds "6"]
[EventCountry "HUN"]
[SourceTitle "EXT 2019"]
[Source "ChessBase"]
[SourceDate "2018.10.10"]
[SourceVersion "1"]
[SourceVersionDate "2018.10.10"]
[SourceQuality "1"]

1. e4 e5 2. Nf3 Nc6 3. Bb5 a6 4. Ba4 Nf6 5. 0-0 b5 6. Bb3 Bc5 7. Re1 d6 8. h3 0-0 9. c3 Na5 10. Bc2 Bb6 11. d4 exd4 12. cxd4 c5 13. Qd3 c4 14. Qc3 h6 15. b4 Nc6 16. a4 Bb7 17. a5 Bc7 18. Nbd2 Ne7 19. Nf1 Ng6 20. Ng3 Re8 21. e5 dxe5 22. dxe5 Bxf3 23. Bxg6 fxg6 24. exf6 Rxe1+ 25. Qxe1 Qxf6 26. Bxh6 gxh6 27. gxf3 Bxg3 28. fxg3 Qxf3 29. Qe6+ Qf7 30. Qe4 Rf8 31. Qe3 g5 32. Kg2 Qd5+ 33. Kh2 Qf5 34. Ra2 Rf7 35. Rg2 Qf6 36. Qe8+ Rf8 37. Qh5 Kg7 38. h4 Kh7 39. Qg4 gxh4 40. gxh4 Qf4+ 41. Kh3 Qxg4+ 42. Kxg4 Rg8+ 0-1